Statistics for Non-Island Countries With The Smallest Elevation Span

Click here to take the quiz!

General Stats

  • This quiz has been taken 10 times
  • The average score is 11 of 15

Answer Stats

Elevation SpanAnswer% Correct
178mDenmark
100%
161mMonaco
100%
42mVatican City
100%
427mLuxembourg
90%
256mBelarus
80%
318mEstonia
80%
312mLatvia
80%
295mLithuania
80%
428mMoldova
80%
306mKuwait
70%
103mQatar
70%
514mUruguay
70%
64mGambia
40%
262mGuinea Bissau
40%
549mBurkina Faso
30%

Score Distribution

Percentile by Number Answered

Percent of People with Each Score

Your Score History

You have not taken this quiz